Power Rangers Villains Quiz Stats

Quiz not verified by Sporcle

Challenge
Share
Tweet
Embed
Score 0/161 Timer 20:00
1 Play Today
Series Villain % Correct
Mighty Morphin' Power RangersRita Repulsa
92.3%
Mighty Morphin' Power RangersLord Zedd
86.5%
Mighty Morphin' Power RangersGoldar
83.7%
Mighty Morphin' Power RangersRito Revolto
74.7%
Mystic ForceOctomus (The Master)
70.9%
Mighty Morphin' Power RangersFinster
69.1%
ZeoKing Mondo
68.1%
TurboDivatox
68.1%
Mighty Morphin' Power RangersBaboo
67.6%
Mighty Morphin' Power RangersSquatt
64.3%
Mighty Morphin' Power RangersMaster Vile
64%
Mighty Morphin' Power RangersScorpina
61.2%
ZeoQueen Machina
60.7%
Lost GalaxyTrakeena
59.4%
Time ForceRansik
59.2%
Ninja StormLothor
58.9%
TurboElgar
57.9%
In SpaceAstronema
57.7%
ZeoPrince Sprocket
56.9%
Wild ForceMaster Org
56.4%
ZeoPrince Gasket
54.8%
In SpaceDarkonda
54.3%
Time ForceNadira
53.8%
In SpaceEcliptor
53.6%
In SpaceDark Specter
53.3%
Samurai/Super SamuraiMaster Xandred
53.3%
Dino ThunderElsa
52.8%
Jungle FuryDai Shi
52.6%
Time ForceFrax
52.3%
Lightspeed RescueVypra
52%
Dino ThunderMesogog
51.8%
Wild ForceGeneral Venjix
51.5%
Mighty Morphin' Power RangersHydro Hog
51.3%
S.P.D.Mora/Morgana
51.3%
ZeoPrincess Archerina
51%
In SpacePsycho Rangers
51%
Lightspeed RescueImpus/Prince Olympius
51%
RPMVenjix
51%
Lost GalaxyScorpius
50.8%
Wild ForceToxica/Necronomica
50.8%
Lightspeed RescueQueen Bansheera
50.5%
Samurai/Super SamuraiDeker
50.5%
ZeoOrbus
50.3%
Lightspeed RescueDiabolico
50.3%
Dino Charge/Dino Super ChargeSledge
50.3%
ZeoKlank
50%
Lost GalaxyDeviot
50%
TurboPorto
49.7%
Mystic ForceKoragg the Knight Wolf
49.7%
Dino ThunderZeltrax
49.2%
S.P.D.Broodwing
49.2%
Megaforce/Super MegaforceVrak
49.2%
Lightspeed RescueLoki
49%
Ninja StormMarah
49%
Series Villain % Correct
Samurai/Super SamuraiDayu
49%
TurboRygog
48.7%
Mighty Morphin' Power RangersLokar
48.5%
Ninja StormKapri
48.5%
Wild ForceJindrax
48.2%
S.P.D.Emperor Gruumm
48.2%
Samurai/Super SamuraiOctoroo
48.2%
Ninja StormZurgane
48%
Lost GalaxyCaptain Mutiny
47.7%
Operation OverdriveFlurious
47.7%
ZeoLouie Kaboom
47.4%
Lost GalaxyFurio
47.4%
Lost GalaxyTreacheron
47.2%
Jungle FuryCamille
47.2%
Time ForceGluto
46.7%
Mystic ForceNecrolai
46.7%
Ninja StormChoobo
46.4%
Dino Charge/Dino Super ChargeFury
46.4%
Lost GalaxyVillamax
45.9%
Operation OverdriveMoltor
45.7%
RPMTenaya 7
45.7%
TurboGeneral Havoc
45.4%
Wild ForceZen-Aku
45.2%
Mystic ForceImperious
45.2%
Megaforce/Super MegaforcePrince Vekar
44.6%
TurboMaligore
44.4%
Lightspeed RescueJinxer
44.4%
Mystic ForceMorticon
44.1%
Samurai/Super SamuraiSerrator
44.1%
Ninja StormVexacus
43.9%
Dino Charge/Dino Super ChargeSnide
43.9%
TurboMama D
43.6%
Ninja StormMotodrone
43.4%
Mystic ForceMagma
43.4%
Operation OverdriveMiratrix
43.4%
S.P.D.Omni
42.9%
Mystic ForceItassis
42.9%
Wild ForceNayzor
42.6%
Wild ForceMandilok
42.6%
Mystic ForceBlack Lance
42.6%
Mystic ForceMatoombo
42.6%
Mystic ForceSerpentina
42.3%
Operation OverdriveKamdor
42.3%
Mystic ForceSculpin
42.1%
Ninja StormShimazu
41.8%
Mystic ForceOculous
41.8%
Lost GalaxyKegler
41.6%
Samurai/Super SamuraiProfessor Cog
41.6%
Lost GalaxyBarbarax
41.3%
Mystic ForceMegahorn
41.3%
Dino Charge/Dino Super ChargeHeckyl
41.3%
Lost GalaxyHexuba
41.1%
RPMGeneral Shifter
41.1%
Mystic ForceGekkor
40.8%
Series Villain % Correct
Mystic ForceHekatoid
40.8%
Operation OverdriveMig
40.8%
Operation OverdriveThrax
40.8%
Megaforce/Super MegaforceAdmiral Malkor
40.6%
Wild ForceRetinax
40.1%
Megaforce/Super MegaforceCreepox
40.1%
Dino Charge/Dino Super ChargeWrench
40.1%
Megaforce/Super MegaforceBigs
39.8%
Megaforce/Super MegaforceEmperor Mavro
39.8%
Lightspeed RescueTriskull
39.5%
Megaforce/Super MegaforceBluefur
39.5%
Dino ThunderWhite Dino Ranger Clone
39.3%
Wild ForceMut-Orgs
39.3%
Jungle FuryJellica
39.3%
Megaforce/Super MegaforceLevira
39.3%
Megaforce/Super MegaforceArgus
39.3%
Dino Charge/Dino Super ChargeCurio
39.3%
Operation OverdriveBenglo
38.8%
RPMGeneral Crunch
38.8%
Megaforce/Super MegaforceMetal Alice
38.5%
Jungle FuryGrizzaka
38%
Jungle FuryScorch
38%
Jungle FuryToady
37.8%
Megaforce/Super MegaforceThe Messenger
37.8%
Megaforce/Super MegaforceDamaras
37.8%
Jungle FurySnapper
37.5%
Wild ForceJuggelo
37.2%
Operation OverdriveNorg
37.2%
Operation OverdriveCrazar
37.2%
RPMKilobyte
37.2%
Dino Charge/Dino Super ChargePoisandra
37.2%
Jungle FuryStingerella
37%
Jungle FuryRantipede
36.7%
Jungle FuryNaja
36.7%
Jungle FuryWhiger
36.7%
Dino Charge/Dino Super ChargeDoomwing
36.7%
Operation OverdriveCheetar
36.5%
Jungle FuryCarnisoar
36.5%
Wild ForceSteelon
36%
Jungle FuryGakko
34.9%
Dino Charge/Dino Super ChargeSinge
34.7%
Wild ForceTezzla
33.9%
Dino Charge/Dino Super ChargeLord Arcanon
33.7%
Megaforce/Super MegaforceRedker
33.4%
Wild ForceOnikage
33.2%
Megaforce/Super MegaforceYellzor
33.2%
S.P.D.S.P.D. A-Squad
32.9%
Wild ForceArtilla
31.4%
Wild ForceGerrok
31.4%
Wild ForceAutomon
30.6%
Jungle FuryFlit
30.6%
Wild ForceHelicos
29.8%
Time ForceQuarganon
26%

You're not logged in!

Compare scores with friends on all Sporcle quizzes.
Sign Up with Email
OR
Log In

You Might Also Like...

Show Comments

Extras

Top Quizzes Today


Score Distribution

Your Account Isn't Verified!

In order to create a playlist on Sporcle, you need to verify the email address you used during registration. Go to your Sporcle Settings to finish the process.